IEP Lyon - CF pensée économique (2) - Statistiques

Statistiques générales
  • Ce quiz a été pris 22 fois
  • Le résultat moyen est 38 sur 66
Statistiques - réponses
Hint Réponse % Correct
Ces premières approches socialistes apparaissent dans les années 1820-40, dans un contexte particulier de transition marqué par trois ... et deux révolutions - Restauration monarchiste (1815-1830) puis la révolution des Trois Glorieuses (1830). - Monarchie de Juillet (1830-1848) puis la Révolution du printemps (1848). - Deuxième République (1848-1852) est très courte et donne une visibilité au socialisme fraternitaires qui va être sur le devant de la scène. régimes
100%
Il faut prendre en compte la normativité des socialistes français qui sont qualifiés d'..., notamment par Marx. Ils décrivent des sociétés idéales qui semblent inaccessibles. Ils seront opposés aux socialistes scientifiques. utopiste
100%
La classe des industriels doit prendre le pouvoir pour renverser l'ordre social et qu'il passe aux mains des industriels. Il considère que la révolution de ... n'est pas arrivée à son terme en ne donnant pas de pouvoir aux industriels. 1789
89%
Dans l'idée de Buchez, cette organisation vient d'en ... L'organisation est faite par la société civile sans que l'État n'intervienne, sauf pour encourager par différents moyens : cadre légal, financement initial... => pas idée farfelue, réelles réalisations concrètes. bas
89%
Proudhon dit que "la ... c'est le vol" car toute la production ne revient pas aux travailleurs. Défini comme un droit d'aubaine que le propriétaire s'attribue sur une chose : extorsion. propriété
89%
Tension entre deux modèles : ● Economie politique classique : voit d'un bon œil le nouveau modèle qui émerge avec la Révolution industrielle. ● ... : pointent les conséquences sociales de ce modèle et vont en proposer un autre. socialiste
89%
Marx distingue :
- Valeur d’échange : c'est ce que coûte au capitaliste l’emploi du travailleur. Déterminée par temps de travail nécessaire pour produire un bien
- Valeur d’... : c'est ce que produit le travail. (utilité)
usage
89%
Engels privilégie la ... au lieu de l'ouïe pour décrire la situation des travailleurs pauvres, il exerce l’autorité incontestée d’un savoir/ pouvoir qui n’admet aucune réplique + elle ne transgresse pas les limites en n’accordant pas la parole aux pauvres -> Engels exercerait donc un pouvoir propre à la bourgeoisie, puisqu’idée que le bourgeois n’est pas socialisé à l’écoute ouvrière. vue
89%
Marx (famille bourgeoise et intellectuelle) rédige le manifeste du parti communiste en ... Recontre Engels à Paris 1847
78%
L’ouvrier est 4 fois ... :
- Il est dépossédé du fruit de son travail.
- Il est contraint car l’organisation du travail industriel le soumet à la machine.
- L’ouvrier est contraint de vendre sa force de travail pour subsister.
- La sphère domestique consiste pour l’ouvrier qu’à reproduire ses forces pour vendre à nouveau sa force de travail le lendemain
aliéné
78%
Mutation société française : vide législatif sur le travail depuis la loi ... de 1791, pas de cadre. Chapelier
78%
-Aux origines de la pensée économique de Marx : la ... Marx, « hégélien de gauche ». Approche processuelle de la réalité sociale, qui considère la réalité comme étant en mouvement perpétuel. Autonomie de l’esprit par rapport à la matière -> les idées régissent le monde et la réalité sociale progresse par les contradictions qui émergent au sein des idées dialectique
78%
Engel va réaliser une grande ... sur les conditions de travail des ouvriers en prise de la Révolution industrielle : La situation de la classe laborieuse en Angleterre (1845), où il conclut que ce sont les institutions du capitalisme qui sont responsables de la situation des classes laborieuses, et pas les ouvriers. enquête
78%
Le mode de production esclavagiste revient à rapport social entre esclave et maitre -> à ce mode a succédé un mode ..., qui a fait que l’autre n’était plus adapté pour le modèle productif (serfs et seigneurs) auquel a succédé le mode de production capitaliste (prolétariat vs capitaliste) à cause d’un dev des forces productives à l’aune de la révolution industrielle féodal
78%
- Des enquêtes sont menées dans les années 1840 par des « ... » pour étudier cette misère sociale, mais leurs auteurs pointent la responsabilité des travailleurs eux-mêmes dans leur condition. Engels enquête 1845 : provient d'institutions capitalistes à changer hygiéniste
78%
Saint-Simon voit la société divisée en deux classes : entre les industriels qui regroupent toutes les catégories qui perçoivent un revenu (les travailleurs, les capitaines d'industrie, les banquiers) et qui s'oppose à la catégorie des « ... » qui vivent du travail d'autrui. oisif
78%
- Cette situation entraîne la naissance de la « question sociale » avec l'émergence d'une classe de travailleurs ... Les situations économique et sociale sont contradictoires : on a à la fois une croissance de la production et donc des richesses et une paupérisation des travailleurs pauvre
78%
Les contradictions qui doivent conduire au remplacement du mode de production capitaliste sont :
- Le fétichisme de la marchandise.
- L’exploitation capitaliste par l'extorsion de la ...-... - Les crises du capitalisme.
plus-value
78%
● La conception de la liberté : les socialistes la théorisent en s'opposant à la conception libérale de la liberté. C'est le passage de la liberté comme droit à la liberté comme pouvoir. ● La ... : pour les socialistes, elle doit cesser d'être privée et héréditaire pour devenir commune et sociale propriété
78%
D'après Paul ... :
o L'idéologie œuvre dans la pérennisation de l'ordre, la domination
o L'utopie est subversive : permet de renverse l'ordre social établi --> pt de convergence entre socialistes et Marx : dénoncent tous l'idéologie de l'éco libérale classique (mérites du marché et de la concurrence)
Ricoeur
78%
C'est dans ce contexte politique que le courant socialiste émerge en France autour de 4 traditions plus ou moins distinctes : en nommer une saint-simonisme / fouriérisme / fraternitaire / mutuellisme
78%
La particularité du saint simonisme, c'est de dire que l'exploitation de l'Homme par l'Homme prend place au sein même de la chaîne de production. Pour remédier à cela, Buchez propose la création d'... ouvrières de production donc les principes sont la socialisation des instruments de prod/du capital financier, élection d'un comité directeur, fonds de réserve pour l'assistance des travailleurs... association
67%
- La théorie de la ... tendancielle du taux de profit (imagine la formule dans ta tête pelo) baisse
67%
C'est une théorie de la justice sociale, une « égalité socialiste des chances » qui a deux axes : ● La distribution des instruments de travail doit être faite selon le critère de ... (plus selon la naissance) ● La répartition des richesses doit se faire selon le mérite individuel, ce qui implique une hiérarchie sociale basée sur le mérite. capacité
67%
L'échange repose sur une augmentation des prix : le ... est un parasite, intermédiaire néfaste (entre le producteur et le consommateur car se contente d'acheter des biens pour les revendre à un prix supérieur, le commerce ne participe pas du tout à la création de richesse mais seulement à déplacer le bien. commerçant
67%
En tant que saint-simonien et futur républicain, sa pensée relie économie et politique. Il considère que les travailleurs sont ... dominés : - Sont dépourvus de droits économiques (pas d'accès à la propriété et de pouvoir économique) - Et de droits politiques (à cause du suffrage censitaire). doublement
67%
Modèle du phalansthère : -Vie et travail communautaire -> logement, travail et loisir sur place -> redistribution les richesses dont les travailleurs sont à l’origine -> amélioration des conditions de vie Exemple : le Familistère de .. créé par Gaudin (1859-1958) mais critiqué par Engels ("expérience socialiste devenue finalement simple foyer de l'exploitation ouvrière") Guise
67%
Les socialistes républicains dvt leur idée d'une société juste : c'est celle qui garantit à chacun les conditions ... à son dvt personnel. L'état doit être l'institution permettant cette garantie du travail (revendication 1848) nécessaire
67%
La justification scientifique de l’effondrement du capitalisme repose sur deux éléments : - La théorie de l’armée industrielle de ... : Le capitalisme, en tant que mode de prod spécifique, est basé sur recherche de gains de productivité. => Augmente le tps de travail des travailleurs, ce qui participe à augmenter le chômage, inhérent au capitalisme. Il a un caractère disciplinant et pèse sur salaires de subsistance -> déprime le pouvoir d’achat des travailleurs. réserve
67%
Marx s’est-il trompé, a-t-il été démenti par l’histoire ? - Lecture cynique du développement de l’Etat ... comme béquille pour faire perdurer le mode de production capitaliste - impérialisme et mondialisation social
67%
La prise de pouvoir de la bourgeoisie n’a pas fait disparaître les rapports sociaux de production inégalitaires, ils se sont transformés et a fait apparaître de nouveaux dominés qui forment le prolétariat. Celui-ci pourra provoquer une Révolution quand il sera passé de classe en ... à classe pour ... soi
67%
Le moyen du mutuellisme est la ... du peuple pour que les travailleurs puissent se financer mutuellement, circulation de capitaux sans taux d'intérêt. banque
56%
- le ... -> renvoie à l’idée de valorisation : A – M – A’ : « acheter pour vendre ». Il rompt le principe d'équivalence capital
56%
Enjeux économiques - Réconciliation du capital et du travail : le travailleur est aussi ... yayy - Auto-émancipation collective des ouvriers : les travailleurs s'émancipent sans l'aide de l'État. - Fin de l'hérédité de la propriété : comme la propriété est partagée, elle n'est plus transmise de génération en génération. - Réconciliation de l'économique et du social par la réaction d'un fonds de réserve destiné à l'assistance. capitaliste
56%
Le moteur de l'histoire est chez Marx n'est pas l'idée (Hegel) mais la ..., la structure économique (qui constitue la base véritable de la société), appelée l'infrastructure. matière
56%
A - A' : ...-... plus-value
56%
Liberté républicaine : les auteurs socialistes considèrent la liberté comme ... d'agir : l'individu libre est celui qui a la capacité d'agir. Il est placé dans des dispositions (matérielles) qui lui permettent d'atteindre des fins quelconques. ● Celui qui a concrètement le pouvoir d'agir et d'être libre ● Garantir à chacun les conditions de son dvt, et donc la liberté, implique un certain égalitarisme pouvoir
56%
On peut donc déterminer le taux de ... (π)Taux de ... : π = pl / (c+v) Plus la plus-value est élevée par rapport au travail mort et vivant, plus le taux de profit est élevé. Marx explique dynamique du capitalisme à partir de ce taux de profit et va conclure à sa disparition annoncée. profit
56%
Les socialistes français reconnaissent les droits des travailleurs, ce qui implique la socialisation de certains biens et activités. Ce faisant, ils mettent en avant une ... possible des classes en dépassant l'antagonisme social. C'est cette idée qui provoquera la critique de Marx selon lequel il ne peut y avoir de ... possible entre la classe capitaliste et le prolétariat. réconciliation
56%
- La promotion de la ... est pensée comme un ensemble de principes et pratiques qui doivent être portés par la société civile. - « Faire rentrer la ... dans l’atelier ». République
56%
Les saint-simoniens critiquent les ... de la classe oisive : la rente du sol, la location des bâtiments ou d'instruments de travail et les taux d'intérêts sur les capitaux. Selon eux, ces ... de la classe oisive doivent diminuer jusqu'à disparaître. revenu
56%
Charles Fourier a dvt la théorie des passions : faire du travail une chose ..., répondre aux aspirations des travailleurs. Chez lui et ses disciple (notamment Victor Considérant), le phénomène d'exploitation n'est plus dans la sphère de prod mais dans la sphère de consommation : l'échange crée les disparités économique. attrayante
44%
Ainsi, les ... de consommation permettent donc de supprimer tout intermédiaire, d'assurer l'asservissement de produits de bonnes qualités et la mise en place de caisse social pour répondre aux besoins sociaux des consommateurs. coopérative
44%
Ces rapports sociaux reposent sur l’antagonisme social et sont fondés sur des rapports de ... Ensuite, c'est l’infrastructure qui détermine la superstructure (politique, droit, religion, morale, idées…) domination
44%
Matérialisme historique : la structure ... est au fondement de toute organisation sociale économique
44%
Le saint simonisme et fouriérisme nient la question politique, ne donne pas un rôle suffisant à l'... alors que dans ce courant il aura une grande importance. Pierre Leroux, Louis Blanc, Constantin Pecqueur Etat
44%
Trois éléments fondamentaux de désaccord : ● Réfutation de la thèse de l'« ... naturelle des choses » prônée par les libéraux de l'époque. Les socialistes considèrent que l'... sociale ne vient pas d'elle-même mais qu'elle est à construire. Ils dénoncent l'économie politique à la remorque des faits et prônent la normativité dans l'approche économique. harmonie
44%
Marx met en forme des lois ... (matérialisme ...), et non des lois naturelles économiques. Elles expliquent la dynamique de la réalité sociale. historique
44%
Il distingue aussi - la monnaie qui permet la circulation et vérifie le principe d'équivalence : (donner les initiales) Marchandise - Argent - Marchandise
44%
Deux idées resortent de cette analyse : -1. Les modes de production sont ... puisqu'ils se succèdent -2. Le matérialisme historique révèle la lutte des classes mortels
44%
Economie politique classique : richesse repose sur l’accumulation des marchandises permettant la satisfaction des besoins. Critique marxiste du fétichisme de la marchandise : la marchandise est le produit du travail. Or, le travail n’est pas un simple facteur de production, c’est un ... processus
44%
on parle de ..., car il vise à saisir la résilience du capitalisme, son adaptation -> le capitalisme est résilient dans le sens où il sait s’adapter -> la théorie de la ... étudie les variations dans le temps et dans l’espace de la ... -> elle va s’intéresser à ce qui fait tenir le capitalisme comme mode de production, malgré ses contradictions. (3 fois le même mot) régulation
44%
Marx considère Proudhon comme un ... idéaliste
33%
- Marx a conclu à une triple considération sur le capitalisme :
o Il est injuste car l'extorsion de la plus-value constitue du surtravail non rémunéré.
o Il est ... du fait de la sous-consommation qu’il génère.
o Il est condamné par la baisse tendancielle du taux de profit.
inefficace
33%
La base est l'... sociale = mode de production. Contient des forces productives (matières premières, machines, force de travail) auxquelles correspondent des rapports sociaux de production. infrastructure
33%
Il prend pour exemple la pose de l'obélisque de ... à Paris un individu qui travaillerait 100h n'y arrivera pas, mais 100 travailleurs simultanément réussiront à dresser l'obélisque ● Il dénonce ici que le propriétaire vole qqlch : le droit de propriété collective : les travailleurs organisés collectivement pour produire de la richesse qu'un seul travailleur ne pourrait faire, droit de propriété collective qui n'est jamais payé. Louxor
33%
Points de convergence avec les classiques :
o Valeur objective du travail
o La sphère de production est là où la valeur d'une chose se construit et où la valeur se répartie
o L'épargne est au cœur du système capitaliste
o La société se divise en classe (mais 2 pour Marx) o ... de long terme en faisant référence à la loi de la baisse tendancielle du taux de profit -> Mais l'Etat n'est pas neutre
Pessimisme
33%
Buchez propose un antagonisme de classe entre
- Les propriétaires des moyens de production
- Les ...
salarié
33%
Enjeux politiques - Ce modèle permet de ... les travailleurs à la pratique électorale à travers l'élection d'un comité directeur. A l'époque, ils n'ont pas accès aux droits politiques jusqu'en 1848 avec l’instauration du suffrage universel masculin. L'accès à la propriété est synonyme de capacité politique. socialiser
33%
Le saint-simonisme va marquer tout le 19ème siècle. Après la révolution de 1848, le saint-simonisme perd en importance et un saint-simonisme ... va émerger. Il va avoir une influence considérable parce que beaucoup de ses partisans vont être des très proches de Napoléon III et vont participer à l'urbanisation du nouveau Paris, notamment à travers la création de grandes banques. technocratique
33%
Donner les initiales du mécanisme de l'exploitation capitaliste A - M - M' - A'
22%
Marx résume le capitalisme comme une dynamique structurelle d’... relative du travail vivant. La concurrence et la recherche effrénée de taux de profit contribue à remplacer le travail vivant/variable par travail mort/constant élimination
22%
- Le capital est du "travail mort", alors le profit qui est issu de l'accumulation du travail est de l'... extorsion
22%
Fétichisme de la marchandise -> théorie de la valeur -> théorie de la ...-> analyse de la dynamique du capitalisme. répartition
22%
La valeur d’une unité de marchandise produite i=>(A’i) peut donc s’écrire : A’i = ci + vi + pli
ci = valeur du capital constant (mort)
vi = valeur du capital ... (vivant)
pli = valeur de la plus-value (travail non rémunéré).
variable
22%
Donner la formule de la [réponse précédente]. M = ... + ... MP (moyens de production) + FT (force de travail)
11%
Aucun quiz correspondant
Distribution des résultats
% des personnes avec chaque résultat
Percentile par nombre de réponses
Votre historique - résultats
Vous n’avez pas pris ce quiz